000 00684nam a2200289Ia 4500
005 20260324130824.0
008 008 260324s9999 xx 000 0 eng d
020 _a9780203940655
037 _aEBOOK
040 _aCRL
040 _beng
040 _cCRL
041 _2eng
041 _aeng
084 _qCRL
100 _aJennifer Smith Maguire
_91183212
245 0 _aFit for Consumption
245 0 _bSociology and the Business of Fitness
260 _bTaylor and Francis
260 _c2007
365 _a
365 _b255
856 _uhttp://www.taylorfrancis.com/books/9780203940655
942 _cEBOOK
999 _c1779752
_d1779752